Fundamentos teóricos de la política económica : (Registro nro. 5463)
[ vista simple ]
| 000 -LEADER | |
|---|---|
| fixed length control field | 01292nam a2200289Ia 4500 |
| 003 - CONTROL NUMBER IDENTIFIER | |
| control field | OSt |
| 005 - DATE AND TIME OF LATEST TRANSACTION | |
| control field | 20200609201654.0 |
| 008 - FIXED-LENGTH DATA ELEMENTS--GENERAL INFORMATION | |
| fixed length control field | 191128s1958 ar ad gr 000 0 spa d |
| 040 ## - CATALOGING SOURCE | |
| Original cataloging agency | CO-JMCR |
| Transcribing agency | CO-JMCR |
| 041 1# - LANGUAGE CODE | |
| Language code of text/sound track or separate title | spa |
| Language code of original | dar |
| 082 04 - DEWEY DECIMAL CLASSIFICATION NUMBER | |
| Classification number | 330.122 / |
| Item number | J65f |
| Edition number | 23 |
| 100 1# - MAIN ENTRY--PERSONAL NAME | |
| Personal name | Jöhr, Walter Adolf, |
| Relator term | autor |
| 9 (RLIN) | 5342 |
| 245 10 - TITLE STATEMENT | |
| Title | Fundamentos teóricos de la política económica : |
| Remainder of title | libertad económica y competencia / |
| Statement of responsibility, etc. | Walter Adolf Jöhr ; traducción del alemán por Uros Bacic ; supervisión por Enrique Conte Mac Donell ; prólogo por Juan José Guaresti |
| 260 ## - PUBLICATION, DISTRIBUTION, ETC. | |
| Place of publication, distribution, etc. | Buenos Aires : |
| Name of publisher, distributor, etc. | El Ateneo, |
| Date of publication, distribution, etc. | 1958. |
| 300 ## - PHYSICAL DESCRIPTION | |
| Extent | xxvi, 253 páginas : |
| Other physical details | gráficos a blanco y negro ; |
| Dimensions | 23 cm. |
| 490 0# - SERIES STATEMENT | |
| Series statement | Biblioteca de ciencias económicas. Economía política |
| 505 ## - FORMATTED CONTENTS NOTE | |
| Formatted contents note | Formas del liberalismo económico -- El modelo de la competencia perfecta y sus aproximaciones a la realidad |
| 534 ## - ORIGINAL VERSION NOTE | |
| Introductory phrase | Theoretische grundlagen der wirtschaftspolitik |
| 546 ## - LANGUAGE NOTE | |
| Language note | Traducido del alemán |
| 650 14 - SUBJECT ADDED ENTRY--TOPICAL TERM | |
| Topical term or geographic name entry element | Teoría económica |
| 9 (RLIN) | 5343 |
| 650 24 - SUBJECT ADDED ENTRY--TOPICAL TERM | |
| Topical term or geographic name entry element | Política económica |
| 9 (RLIN) | 5344 |
| 650 24 - SUBJECT ADDED ENTRY--TOPICAL TERM | |
| Topical term or geographic name entry element | Liberalismo Competencia |
| 9 (RLIN) | 5345 |
| 700 14 - ADDED ENTRY--PERSONAL NAME | |
| Personal name | Bacic, Uros, |
| Relator term | traductor |
| 9 (RLIN) | 5346 |
| 700 24 - ADDED ENTRY--PERSONAL NAME | |
| Personal name | Mac Donell, Enrique Conte, |
| Relator term | supervisor |
| 9 (RLIN) | 5347 |
| 700 24 - ADDED ENTRY--PERSONAL NAME | |
| Personal name | Guaresti, Juan José, |
| Relator term | prologuista |
| 9 (RLIN) | 5348 |
| 942 ## - ADDED ENTRY ELEMENTS (KOHA) | |
| Source of classification or shelving scheme | Dewey Decimal Classification |
| Koha item type | Books |
| Withdrawn status | Lost status | Source of classification or shelving scheme | Materials specified (bound volume or other part) | Damaged status | Not for loan | Home library | Current library | Shelving location | Date acquired | Source of acquisition | Cost, normal purchase price | Total Checkouts | Full call number | Barcode | Date last seen | Copy number | Price effective from | Koha item type |
|---|---|---|---|---|---|---|---|---|---|---|---|---|---|---|---|---|---|---|
| Dewey Decimal Classification | Donación--15/04/2018-- | Biblioteca Pública José María del Castillo y Rada | Biblioteca Pública José María del Castillo y Rada | General Stacks | 11/28/2019 | Donación | 0.00 | 330.122 / J65f | 430001958 | 05/16/2024 | Ej.1 | 11/28/2019 | Books |